banner-ar

ATHENS AND SPARTA: A CONSTRUCTING GREEK POLITICAL AND SOCIAL HISTORY FROM 478 BC / (Record no. 13592)

MARC details
000 -الفاتح
حقل البيانات ثابتة الطول 00461nam a2200169Ia 4500
008 - عناصر البيانات ثابتة الطول - معلومات عامة
حقل البيانات ثابتة الطول 140319s9999 xx 000 0 eng d
040 ## - مصدر الفهرسة
وكالة الفهرسة الأصلية GCL /
وكالة النسخ GCL
082 04 - رقم تصنيف ديوى العشرى
رقم التصنيف 938
رقم المادة P A
100 1# - المدخل الرئيسى - إسم شخصى
الإسم الشخصى POWELL, ANTON
245 10 - بيان العنوان
العنوان ATHENS AND SPARTA: A CONSTRUCTING GREEK POLITICAL AND SOCIAL HISTORY FROM 478 BC /
بيان المسئوليه,etc POWELL, ANTON
300 ## - الوصف المادى
التعداد 423 P
650 04 - المدخل الاضافى بالموضوع-مصطلح موضوعى
مصطلح موضوعي HISTORY
650 04 - المدخل الاضافى بالموضوع-مصطلح موضوعى
مصطلح موضوعي GREECE - HISTORY
942 ## - عناصر المدخل الإضافي( كوها)
مصدر التصنيف او مخطط الترفيف Dewey Decimal Classification
Koha [default] item type كتاب
260 ## - PUBLICATION, DISTRIBUTION, ETC. (IMPRINT)
-- [S.N] :
-- ROUTLEDGE
Holdings
حالة التراجع حالة الفقد حالة تلف ليس للاعارة المكان المؤقت الموقع الحالى تاريخ الاكتساب اجمالي اﻻعارات رقم الطلب الباركود تاريخ اخر مشاهدة تاريخ تفعيل السعر نوع وعاء كوها
        مكتبة القاهرة الكبرى مكتبة القاهرة الكبرى 03/26/2014   938\P A 25935 03/26/2014 03/26/2014 كتاب

Powered By

EGPV